Zákon o účtovníctve s komentárom a príkladmi účtovania

Salvato in:
Dettagli Bibliografici
Natura: Libro
Lingua:slovacco
Pubblicazione: Žilina EkonSpo [1993]
Edizione:1. vyd.
Serie:Účtovníctvo
Soggetti:
Tags: Aggiungi Tag
Nessun Tag, puoi essere il primo ad aggiungerne!!

MARC

LEADER 00000nam a2200000 4500
001 c005374
005 20221128074738.0
020 |a 80-7156-004-9 
041 0 |a slo 
044 |a SK 
245 1 0 |a Zákon o účtovníctve s komentárom a príkladmi účtovania 
250 |a 1. vyd. 
264 1 |a Žilina  |b EkonSpo  |c [1993] 
300 |a 39 s. 
490 1 |a Účtovníctvo 
830 0 |a Účtovníctvo 
610 2 0 |a účtovníctvo 
610 2 0 |a ČSFR 
610 2 0 |a 1991